| 000 | 00492nam a2200205Ia 4500 | ||
|---|---|---|---|
| 003 | LK-CoDNM | ||
| 005 | 20240729101629.0 | ||
| 008 | 010623t1905 xxu||||| |||| 00| 1 eng d | ||
| 040 |
_aLK-CoDNM _dLK-CoDNM _eLK-CoDNM |
||
| 041 | _aeng | ||
| 080 |
_a14 _bO1 |
||
| 100 | _aWalters,H.B. | ||
| 245 | _aHistory of ancient Pottery | ||
| 260 |
_bJohn Murray _aLondon _c1905 |
||
| 300 | _bxxxvi, 504p. : ill ; 22 cm | ||
| 650 | _aEtruscan | ||
| 650 | _aGreek | ||
| 650 | _aRoman | ||
| 942 | _cBK | ||
| 999 |
_c85984 _d85984 |
||